Instituciones y juventud: una relación transformadora en la crisis

保存先:
書誌詳細
第一著者: Pérez Islas, José Antonio
フォーマット: テキスト
出版事項: México D.F.: s.e.
タグ: タグ追加
タグなし, このレコードへの初めてのタグを付けませんか!

MARC

LEADER 00000 a a2200000 04500
001 24035
003
040
090 |a 170500  
100 |a Pérez Islas, José Antonio  
245 |a Instituciones y juventud: una relación transformadora en la crisis  
260 |a México D.F.:   |b s.e.  
300 |a 8 p.  
999 |c 14251  |d 14251